1422 1914 1626 1928 1049 1752 1144 1103 1688 1724 1943 1623 1413 1457 1702 1397 1473 1912 1028 1914 1791 1847 1099 1397 1521 1559 1405 1755 1900 1317 1970 1725 1024 1542 1476 1131 1121 1202 1928 1007 1720 1914 1748 1943 1880 1249 1974 1292 1610 1052 1289 1352 1162 1632 1153 1539 1205 1999 1119 1601 1201 1848 1824 1173 1974 1520 1410 1674 1427 1663 1945 1454 1653 1102 1393 1772 1554 1769 1759 1812 1168 1996 1204 1152 1975 1212 1016 1069 1118 1442 1876 1105 1833 1808 1816 1323 1952 1563 1989 BCNSPRNW ULIB Ver.6.0+V

เปลี่ยนเป็นภาษาไทย

Change to English
 แสดงรายละเอียดบรรณานุกรม
  กลับหน้าหลัก

Brief Record : Get Marc (ISO 2709) : E-mail record : QR code < ปิดหน้าต่าง
LEADER : 00000nam 2200000uu 4500
001    13399111935
003     ULIB
008    110707s2549||||th 000 0 tha d
020    9789749427682
020    9749427688
082 04 DS598^bป562ท 2549
100 0  ปาลิณ พิชญาภรณ์
245 10 เที่ยวไม่ง้อทัวร์ ตีตั๋วท่อง เซียะเหมิน /^cปาลิณ พิชญาภรณ์
250    พิมพ์ครั้งที่ 1
260    กรุงเทพฯ :^bทิบ ไทยอินเตอร์บุ๊ค,^c2549
300    196 หน้า :^bภาพประกอบ, แผนที่ ;^c19 ซม
651  7 เซียะเหมิน^xภูมิประเทศและการท่องเที่ยว
651  7 เซี๊ยะเหมิน^xหนังสือนำเที่ยว
710 1  ทิบไทยอินเตอร์บุ๊ค
945    ^p155^l0^i019617
995    ทศพร
999 ^a ใช้งานได้ทุกระบบ
รายการนี้ยังไม่มีแท็ก
คุณยังไม่ได้ล็อกอิน คุณสามารถมีกิจกรรมร่วมกับเว็บไซต์ได้ แต่ต้องล็อกอินก่อน ::
  ล็อกอิน

รายการสื่อสารสนเทศ

ลำดับที่ ประเภท เลขเรียก/บาร์โค้ด สถานที่ สถานะ
- ไม่พบข้อมูล -

BibComment


ยังไม่เคยถูกคอมเมนท์

คอมเมนท์ทรัพยากรรายการนี้
  คอมเมนท์: เที่ยวไม่ง้อทัวร์..


 Copyright 2026. Bcnsprnw @Library